Missing Word: Six Letter History A-Z Quiz Stats

 Plays Quiz Updated Jul 20, 2015

Challenge
Share
Tweet
Embed
Score 0/26 Timer 03:00
1 Play Today
Hint Answer % Correct
Fidel ____ - Cuban revolutionaryCastro
98.9%
____ Stalin - Soviet dictatorJoseph
94.5%
John ____ Adams - US PresidentQuincy
92.1%
Indira ____ - Prime Minister of IndiaGandhi
88.5%
Jane ____ - English novelistAusten
85.4%
____ Pact - 1955-1991Warsaw
81.9%
Great Fire of ____ - 1666London
79.6%
Reign of ____ - 1793-1794Terror
76.9%
Mao ____ – Chinese communist leaderZedong
67.4%
Benazir ____ - Prime Minister of PakistanBhutto
65.1%
____ Tesla - inventorNikola
63.8%
____ Dostoyevsky - authorFyodor
58.5%
W.E.B. ____ - writer and civil rights activistDu Bois
57.5%
Hint Answer % Correct
Friedrich ____ - Marxist theoristEngels
50.9%
____ Khan - Mongol leaderKublai
46.9%
Peter Paul ____ - painterRubens
42.1%
____ - Roman poetVirgil
40.7%
____ Allende - Chilean authorIsabel
38.2%
____ Garvey - black nationalistMarcus
36.1%
____ Free State - 1854–1902Orange
31.3%
Second Defenestration of ____ - 1618Prague
28.5%
Sun ____ - Chinese revolutionaryYat-sen
28.1%
____ - Greek lyric poetSappho
21%
____ – summer capital of the Mongol empireXanadu
18.5%
____ von Hutten - German humanistUlrich
17.2%
____ Capac - Inca rulerHuayna
5.1%

Today's Daily Dose

Word Ladder
Faux Pas

Quick Pick
Pacific Islands

On This Day
November 20th II

You're not logged in!

Compare scores with friends on all Sporcle quizzes.
Join for Free
OR
Log In

You Might Also Like...

Show Comments

Extras

Top Quizzes Today


Score Distribution

Your Account Isn't Verified!

In order to create a playlist on Sporcle, you need to verify the email address you used during registration. Go to your Sporcle Settings to finish the process.

Report this User

Report this user for behavior that violates our Community Guidelines.

Details: